000 00643nam a22001937a 4500
005 20251108164331.0
008 250721s1990 xx 000 0 ara d
082 1 4 _a669/رحم
100 1 _aرحمة الله، حسين باقر
245 1 0 _aهندسة التآكل و حماية سطوح المعادن /
264 1 _aبغداد :
_bوزارة التعليم العالي و البحث العلمي - الجامعه التكنولوجيه،
_c1990.
300 _a381ص
650 1 7 _aالتآكل
650 1 7 _aالمعادن
650 1 7 _aهندسة المعادن
650 1 7 _aالتعدين
942 _2ddc
_cBK
999 _c9570
_d9570